Países - Statistics

Estatísticas Gerais
  • Esse quiz foi jogado 118 vezes
  • A pontuação média é 13 de 15
Estatísticas das Respostas
Imagem Resposta % Correto
Espanha
100%
Itália
100%
Estados Unidos
99%
Grécia
99%
Japão
99%
Reino Unido
95%
França
94%
Suíça
90%
Argentina
87%
Austrália
85%
Brasil
82%
Países baixos
81%
Portugal
79%
Canadá
58%
Irlanda
54%
Nenhum quiz correspondente encontrado
Distribuição das Pontuações
Porcentagem de Pessoas com Cada Pontuação
Percentil de Números Respondidos
Sua Pontuação Histórica
Você não jogou esse quiz